| 000 | 00769nam a22002057a 4500 | ||
|---|---|---|---|
| 999 |
_c19727 _d19727 |
||
| 003 | AR-CdUCM | ||
| 008 | 190521b ||||| |||| 00| 0 spa d | ||
| 040 |
_aMUNICIPALIDAD PROVINCIAL DEL CUSCO _cBIBLIOTECA MUNICIPAL DEL CUSCO |
||
| 082 |
_a869.508 / _bC822 |
||
| 245 | _aCorporación de fomento y promoción social y económica de Puno / | ||
| 260 |
_aLima : _bUniverso, _c1987. |
||
| 300 |
_a166 páginas ; _bFotografías, _c22 cm. |
||
| 500 | _aIi festival del libro puneño | ||
| 505 | _aContenido: Testimonio de parte -- Prologo -- Alberto Parodi Isolabella -- Origen tectónico de la Hoya del Titicaca... | ||
| 650 |
_aPuno _93897 |
||
| 650 |
_aCrecimiento económico _92403 |
||
| 650 |
_aTestimonios _9915 |
||
| 942 |
_2ddc _cLIBROS |
||
| 945 |
_adavv _d2019-05-21 |
||